| 000 | 00554nam a22001577a 4500 | ||
|---|---|---|---|
| 005 | 20251108164712.0 | ||
| 008 | 250721s1986 xx 000 0 ara d | ||
| 082 | 1 | 4 | _a811.209/علي |
| 100 | 1 | _aعلي، محمد عثمان | |
| 245 | 1 | 0 |
_aشعراء بني أسد إلى نهاية القرن الثالث الهجري : _bدراسة تاريخية وصفية تحليلية / |
| 264 | 1 |
_aبيروت : _bدار الأوزاعي للنشر، _c1986. |
|
| 300 | _a537 ص. | ||
| 650 | 1 | 7 | _aالشعر المخضرم |
| 942 |
_2ddc _cBK |
||
| 999 |
_c12233 _d12233 |
||